书目信息 |
| 题名: |
邓小平经济特区建设理论与实践
|
|
| 作者: | 彭立勋 主编 | |
| 分册: | ||
| 出版信息: | 武汉 湖北人民出版社 1998.12 |
|
| 页数: | 427页 | |
| 开本: | 32开 | |
| 丛书名: | ||
| 单 册: | ||
| 中图分类: | A849 | |
| 科图分类: | ||
| 主题词: | 毛泽东著作--学习 , 毛泽东著作研究 | |
| 电子资源: | ||
| ISBN: | 7-216-02519-9 | |
| 000 | 00628nam0 2200205 45 | |
| 001 | 0010020095 | |
| 005 | 20001002001054.1 | |
| 010 | @a7-216-02519-9@d21.00元 | |
| 100 | @a20001002d1998 km y0chiy0120 ea | |
| 101 | 0 | @achi |
| 105 | @a z 000yy | |
| 200 | 1 | @a邓小平经济特区建设理论与实践@ADeng Xiao Ping Jing Ji Te Qu Jian She Li Lun Yu Shi Jian@f彭立勋主编@FPeng Li Xun Zhu Bian |
| 210 | @a武汉@c湖北人民出版社@d1998.12 | |
| 215 | @a427页@d32开 | |
| 606 | 0 | @a毛泽东著作@x学习 |
| 606 | 0 | @a毛泽东著作研究 |
| 690 | @aA849@v3 | |
| 701 | 0 | @a彭立勋@4主编 |
| 801 | @aCN@bPftUser@c20001002 | |
| 905 | @b166761-762@dA849@eP891@f2 | |
| 邓小平经济特区建设理论与实践/彭立勋主编.-武汉:湖北人民出版社,1998.12 |
| 427页;32开 |
| ISBN 7-216-02519-9:21.00元 |
| ● |
| 相关链接 |
|
|
|
正题名:邓小平经济特区建设理论与实践
索取号:A849/P891
 
预约/预借
| 序号 | 登录号 | 条形码 | 馆藏地/架位号 | 状态 | 备注 |
| 1 | 166761 | 201667614 | 社科库509/509社科库 5排3列6层/ [索取号:A849/P891] | 在馆 | |
| 2 | 166762 | 201667623 | 社科库509/509社科库 5排3列6层/ [索取号:A849/P891] | 在馆 |